| 000 | 00568nam a2200169Ia 4500 | ||
|---|---|---|---|
| 999 |
_c18812 _d18812 |
||
| 082 | _a352.68 DHA-; | ||
| 100 | _aDhawan, R.K. | ||
| 245 | 0 | _aPublic grievances and the Lokpal: a study of the administrative machinery for redress of public grievances | |
| 260 |
_aNew Delhi _bAllied Publishers _c1981 |
||
| 300 | _a359p. | ||
| 504 | _aIncludes appendix, bibliography and index | ||
| 650 | _aArbitration, Industrial - India | ||
| 650 | _aAbuse of Administrative Power - India | ||
| 650 | _aGrievence Arbitration - India | ||
| 650 | _aOmbudsman - India | ||
| 942 | _cBK | ||